[Event "LSS No Engine Cup 37 Preliminary 5"]
[Site "LSS email"]
[Date "2011.02.15"]
[Round "?"]
[White "Schloegl, Dietrich"]
[Black "Tsirakovsky, Sergey"]
[Result "1-0"]
[WhiteElo "1750"]
[BlackElo "1939"]
[PlyCount "43"]
[EventDate "2011.02.16"]
[EventType "tourn (corr)"]
[EventRounds "6"]
[EventCountry "GER"]
[SourceTitle "Telechess CBM 151"]
[Source "ChessBase"]
[SourceDate "2012.11.13"]
[SourceVersion "1"]
[SourceVersionDate "2012.11.13"]
[SourceQuality "1"]

1. d4 d5 2. c4 c6 3. Nf3 e6 4. Nc3 dxc4 5. a4 Bb4 6. e3 b5 7. Bd2 a5 8. axb5 Bxc3 9. Bxc3 cxb5 10. b3 Bb7 11. bxc4 b4 12. Bb2 Nf6 13. Bd3 Nbd7 14. 0-0 0-0 15. Re1 Qc7 16. e4 e5 17. d5 Nc5 18. Bxe5 Qd8 19. Bd4 Nxd3 20. Qxd3 a4 21. Bc5 b3 22. Bxf8 1-0